| 000 | 00871nam a22002177a 4500 | ||
|---|---|---|---|
| 999 |
_c11881 _d11881 |
||
| 003 | AR-CdUCM | ||
| 008 | 190405b ||||| |||| 00| 0 spa d | ||
| 040 |
_aMUNICIPALIDAD PROVINCIAL DEL CUSCO _cBIBLIOTECA MUNICIPAL DEL CUSCO |
||
| 082 |
_22ed. _a650 / _bH96 / 1861 |
||
| 100 |
_aHurtado, Miguel J. _929475 |
||
| 245 | _aMétodo practico de partida doble / | ||
| 260 |
_aValparaiso : _bImpr. i libr. del mercurio, _c1861. |
||
| 300 |
_a214 páginas ; _c21 cm. |
||
| 505 | _aContenido: De los asientos -- De los libros principales -- Del borrador y modo de formar los asientos -- De las cinco cuentas generales -- Cuenta de caja -- Cuenta de letras a cobrar ... | ||
| 650 |
_aContabilidad _910543 |
||
| 650 |
_aMétodos prácticos _929476 |
||
| 650 |
_aDoble partida _929477 |
||
| 700 |
_aCrespo g., Ramón _929478 |
||
| 942 |
_2ddc _cLIBROS |
||
| 945 |
_aacv _d05/04/2019 |
||